000 00650nam a2200241Ia 4500
003 OSt
005 20220918220551.0
006 a|||||r|||| 00| 0
007 ta
008 220917b |||||||| |||| 00| 0 eng d
024 _a146,447
037 _cTextual
040 _aARTS
_cARTS
_beng
041 _2eng
_aeng
082 _aYZ(L)wN10, M2
100 _aKotnis M S
_9137836
245 0 _aBridge for ever
_b A biography of Dr Kotnis
260 _aBombay
_bSomaiya Publications Pvt Ltd
_c1982
300 _avii, 178p.
_ccm.
650 _aSOCIOLOGY
942 _hYZ(L)wN10, M2
_cTEXL
_2CC
999 _c269203
_d269203